Lista de los canónigos de la Iglesia Catedral de Santiago de Chile, con breves datos biográficos desde el año 1563
Kaydedildi:
| Yazar: | |
|---|---|
| Materyal Türü: | Kitap |
| Dil: | İspanyolca |
| Baskı/Yayın Bilgisi: |
Santiago
Imprenta San José, Condell 36
1916
|
| Edisyon: | 1a. ed |
| Konular: | |
| Etiketler: |
Etiketle
Etiket eklenmemiş, İlk siz ekleyin!
|
MARC
| LEADER | 00000nam a2200000 a 4500 | ||
|---|---|---|---|
| 001 | UCJ6649 | ||
| 003 | CL-VaPUC | ||
| 008 | 070124e19160000CL |||||||||||||||||spa|d | ||
| 082 | 0 | 4 | |a 922 |b SIL |2 21 |
| 100 | 0 | |a Silva Cotapos, Carlos |e author |9 513664 | |
| 245 | 1 | 0 | |a Lista de los canónigos de la Iglesia Catedral de Santiago de Chile, con breves datos biográficos desde el año 1563 |
| 250 | |a 1a. ed | ||
| 300 | |a 17 p | ||
| 942 | |c BK | ||
| 945 | |d 20070124 00:00:00 |a rinostro | ||
| 260 | |a Santiago |b Imprenta San José, Condell 36 |c 1916 | ||
| 500 | |a Portada rodeada de una orla. Esta obra se encuentra empastada junto a otras en un volumen rotulado Silva Cotapos, Estudios Históricos y se ubica en 922 SIL | ||
| 650 | 7 | |a BIOGRAFIA |2 CL-VaPUC |9 504622 | |
| 650 | 0 | |a Iglesia Católica |9 256114 | |
| 650 | 0 | |a Sacerdotes |9 315705 | |
| 651 | 0 | |a Santiago |9 265444 | |
| 583 | |a last modification |c 20070124 00:00:00 |k Rodrigo Vera | ||
| 999 | |c 322751 |d 322749 | ||
| 952 | |0 0 |1 0 |4 0 |6 922_000000000000000_SIL_1916 |7 0 |8 X |9 401820 |a FDOBUD |b FDOBUD |d 2019-11-22 |i 1050699 |o 922 SIL 1916 |p 1050699 |r 2019-11-22 |w 2019-11-22 |y BK_X |k BUD | ||